INFECTIONS IN OBSTETRICS AND GYNECOLOGY (Record no. 10965)

MARC details
000 -LEADER
fixed length control field 00301nam a22001337a 4500
003 - CONTROL NUMBER IDENTIFIER
control field SGT
082 ## - DEWEY DECIMAL CLASSIFICATION NUMBER
Classification number 610.73678
Item number I06G
100 ## - MAIN ENTRY--PERSONAL NAME
Personal name GANDHI, GAURI
245 ## - TITLE STATEMENT
Title INFECTIONS IN OBSTETRICS AND GYNECOLOGY
260 ## - PUBLICATION, DISTRIBUTION, ETC. (IMPRINT)
Place of publication, distribution, etc INDIA
Name of publisher, distributor, etc JAYPEE
Year of Publication 2006
300 ## - PAGE DESCRIPTION
No. of Pages 247
650 ## - SUBJECT ADDED ENTRY--TOPICAL TERM
Topical term or geographic name as entry element OBSTETRICS
942 ## - ADDED ENTRY ELEMENTS (KOHA)
Source of classification or shelving scheme Dewey Decimal Classification
Koha item type Books
Holdings
Withdrawn status Lost status Source of classification or shelving scheme Damaged status Not for loan Collection code Home library Current library Shelving location Date acquired Vendor Name Cost, normal purchase price SGTU Bill Number Total Checkouts Full call number Accession No. (Barcode) Date last seen Bill Date Koha item type Date last borrowed
    Dewey Decimal Classification     NURSING SGT Medical Library SGT Medical Library Text Book 16/02/2017 ABC 350.00 SGTU 7429   610.73678 I06G FN3476 16/02/2017 04/11/2016 Books  
    Dewey Decimal Classification     NURSING SGT Medical Library SGT Medical Library Text Book 16/02/2017 ABC 350.00 SGTU 7429 1 610.73678 I06G FN3477 15/05/2026 04/11/2016 Books 15/05/2026
    Dewey Decimal Classification     NURSING SGT Medical Library SGT Medical Library Text Book 16/02/2017 ABC 350.00 SGTU 7429   610.73678 I06G FN3478 16/02/2017 04/11/2016 Books  
    Dewey Decimal Classification     NURSING SGT Medical Library SGT Medical Library Text Book 16/02/2017 ABC 350.00 SGTU 7429   610.73678 I06G FN3479 16/02/2017 04/11/2016 Books  
    Dewey Decimal Classification     NURSING SGT Medical Library SGT Medical Library Text Book 16/02/2017 ABC 350.00 SGTU 7429   610.73678 I06G FN3480 16/02/2017 04/11/2016 Books